| 000 | 00608nam a2200217Ia 4500 | ||
|---|---|---|---|
| 008 | 140626s9999 xx 000 0 und d | ||
| 100 | _aSamaha, Stephen.. | ||
| 245 |
_aPoisoning relationships : _b perceived unfairness in channels of distribution / _cStephen Samaha ... [et al.]. |
||
| 260 | _cc2011. | ||
| 300 | _a75 : 3, page 99 | ||
| 440 | _aJournal of Marketing | ||
| 521 | _aBSBA | ||
| 650 | _aChannels. | ||
| 650 | _aConflict. | ||
| 650 | _aContracts. | ||
| 650 | _aEquity theory. | ||
| 650 | _aFairness. | ||
| 650 | _aOpportunism. | ||
| 650 | _aRelationship marketing. | ||
| 942 | _cSE | ||
| 999 |
_c121108 _d121108 |
||